Sports Quiz

Random Sports or City Quiz

Canadian Cities with WWE Title Changes Quiz Stats

 Plays Quiz not verified by Sporcle

Challenge
Share
Tweet
Embed
Score 0/16 Timer 03:00
0 Plays Today
Date of First Title Change City % Correct
4-1-90 (World Tag Team titles)Toronto, Ontario
97.1%
5-19-95 (Intercontinental title)Montreal, Quebec
93.5%
5-13-83 (Women's Tag Team titles)Calgary, Alberta
84.5%
5-29-00 (World Tag Team titles)Vancouver, British Columbia
83.2%
5-27-02 (Hardcore title)Edmonton, Alberta
78.7%
3-19-02 (European title)Ottawa, Ontario
72.9%
10-22-95 (Intercontinental title)Winnipeg, Manitoba
69.4%
10-12-92 (WWE title)Saskatoon, Saskatchewan
57.1%
Date of First Title Change City % Correct
1-24-88 (Women's Tag Team titles)Hamilton, Ontario
47.1%
10-13-92 (World Tag Team titles)Regina, Saskatchewan
35.5%
9-24-84 (Intercontinental title)London, Ontario
30.3%
5-26-02 (Hardcore title)Red Deer, Alberta
15.5%
10-23-95 (Women's title)Brandon, Manitoba
11.6%
8-9-02 (Hardcore title)Kelowna, British Columbia
11.3%
8-10-02 (Hardcore title)Kamloops, British Columbia
9%
5-22-95 (Intercontinental title)Trois-Rivières, Quebec
6.1%

You're not logged in!

Compare scores with friends on all Sporcle quizzes.
Join for Free
OR
Log In

You Might Also Like...

Show Comments

Extras

Top Quizzes Today


Score Distribution

Your Account Isn't Verified!

In order to create a playlist on Sporcle, you need to verify the email address you used during registration. Go to your Sporcle Settings to finish the process.

Report this User

Report this user for behavior that violates our Community Guidelines.

Details: